[Event "Tri Buki Children's CupT 2nd"]
[Site "Tri Buki"]
[Date "2017.02.07"]
[Round "6.2"]
[White "Kosteski, Mile"]
[Black "Bakalov, Vladimir"]
[Result "1-0"]
[WhiteElo "1592"]
[BlackElo "1435"]
[PlyCount "89"]
[EventDate "2017.02.04"]
[EventType "team-swiss"]
[EventRounds "6"]
[EventCountry "BUL"]
[SourceTitle "CBM 176 Extra"]
[Source "ChessBase"]
[SourceDate "2017.03.02"]
[SourceVersion "1"]
[SourceVersionDate "2017.03.02"]
[SourceQuality "1"]
[WhiteTeam "Skopje II"]
[BlackTeam "An Passant III"]
[WhiteTeamCountry "MKD"]
[BlackTeamCountry "BUL"]

1. e4 c5 2. Nf3 Nc6 3. d4 cxd4 4. Nxd4 d6 5. Nc3 a6 6. Be3 Nf6 7. Be2 e6 8. f4 Qc7 9. 0-0 b5 10. a3 Be7 11. Bf3 Bb7 12. Qd2 0-0 13. Rae1 Rac8 14. Nxc6 Bxc6 15. Bf2 Rfd8 16. Bg3 Bb7 17. Qe2 Nd7 18. f5 e5 19. Bg4 f6 20. h4 Nc5 21. Bf3 Qb6 22. Bf2 Qc7 23. g4 Na4 24. Nxa4 bxa4 25. c3 Qc4 26. Qe3 d5 27. Qb6 Qc6 28. exd5 Qxb6 29. Bxb6 Rd6 30. Be3 Bxd5 31. Rd1 Bxf3 32. Rxd6 Bxd6 33. Rxf3 Rb8 34. Rf2 Kf7 35. Rd2 Be7 36. Kf2 Rd8 37. Rxd8 Bxd8 38. Kf3 Ke7 39. Ke4 Kd6 40. c4 Kc6 41. g5 Bb6 42. Bc1 Bf2 43. h5 Kc5 44. h6 gxh6 45. gxf6 1-0

[Event "Sofia MGU op 133rd"]
[Site "Sofia"]
[Date "2015.01.24"]
[Round "1"]
[White "Bakalov, Vladimir"]
[Black "Kostov, Nikolai"]
[Result "0-1"]
[WhiteElo "1491"]
[BlackElo "1886"]
[PlyCount "62"]
[EventDate "2015.01.24"]
[EventType "swiss"]
[EventRounds "6"]
[EventCountry "BUL"]
[SourceTitle "CBM 164 Extra"]
[Source "ChessBase"]
[SourceDate "2015.03.02"]
[SourceVersion "1"]
[SourceVersionDate "2015.03.02"]
[SourceQuality "1"]

1. e4 e5 2. Nf3 Nc6 3. Nc3 Nf6 4. d3 g6 5. Bg5 Bg7 6. Be2 h6 7. Bh4 d6 8. 0-0 Be6 9. Bxf6 Bxf6 10. Nd5 Bg7 11. c3 Ne7 12. c4 c6 13. Ne3 0-0 14. Nc2 d5 15. b3 Qc7 16. exd5 cxd5 17. Rc1 Qa5 18. a4 Rfe8 19. Qd2 Qb6 20. Qb4 Qxb4 21. Nxb4 a5 22. Nc2 Nc6 23. Rfd1 d4 24. Nd2 h5 25. Ne4 Bf8 26. g3 Be7 27. h4 Kg7 28. Bf3 f5 29. Ng5 Bxg5 30. hxg5 Bd7 31. Re1 e4 0-1